| 000 | 03124cam a2200361 a 4500 | ||
|---|---|---|---|
| 001 | 16445578 | ||
| 003 | OSt | ||
| 005 | 20251121113516.0 | ||
| 008 | 100903s2011 flua b 001 0 eng | ||
| 010 | _a 2010034920 | ||
| 020 |
_a9781439816240 _qhardback |
||
| 035 | _a16445578 | ||
| 040 |
_aDLC _cmust _dDLC |
||
| 042 | _apcc | ||
| 050 | 0 | 0 |
_aTA345 _b.D84 2011 |
| 082 | 0 | 0 |
_a620 DUF 2011 _222 |
| 100 | 1 |
_aDuffy, Dean G. _919516 |
|
| 245 | 1 | 0 | _aAdvanced Engineering Mathematics with MATLAB |
| 250 | _a3rd ed. | ||
| 260 |
_aBoca Raton; _bCRC Press, _cc2011. |
||
| 300 |
_a1079 p. : _bill. ; _c25 cm. |
||
| 336 |
_atext _btxt _2rdacontent |
||
| 337 |
_aunmediated _bn _2rdamedia |
||
| 338 |
_avolume _bnc _2rdacarrier |
||
| 504 | _aIncludes bibliographical references and index. | ||
| 520 |
_a"Resoundingly popular in its first edition, Dean Duffy's Advanced Engineering Mathematics has been updated, expanded, and now more than ever provides the solid mathematics background required throughout the engineering disciplines. Melding the author's expertise as a practitioner and his years of teaching engineering mathematics, this text stands clearly apart from the many others available. <BR><BR>Relevant, insightful examples follow nearly every concept introduced and demonstrate its practical application. This edition includes two new chapters on differential equations, another on Hilbert transforms, and many new examples, problems, and projects that help build problem-solving skills. Most importantly, the book now incorporates the use of MATLAB throughout the presentation to reinforce the concepts presented. MATLAB code is included so readers can take an analytic result, fully explore it graphically, and gain valuable experience with this industry-standard software"-- _cProvided by publisher. |
||
| 520 |
_a"Resoundingly popular in its first edition, Dean Duffy's Advanced Engineering Mathematics has been updated, expanded, and now more than ever provides the solid mathematics background required throughout the engineering disciplines. Melding the author's expertise as a practitioner and his years of teaching engineering mathematics, this text stands clearly apart from the many others available. Relevant, insightful examples follow nearly every concept introduced and demonstrate its practical application. This edition includes two new chapters on differential equations, another on Hilbert transforms, and many new examples, problems, and projects that help build problem-solving skills. Most importantly, the book now incorporates the use of MATLAB throughout the presentation to reinforce the concepts presented. MATLAB code is included so readers can take an analytic result, fully explore it graphically, and gain valuable experience with this industry-standard software"-- _cProvided by publisher. |
||
| 650 | 0 |
_aEngineering mathematics _913833 |
|
| 906 |
_a7 _bcbc _corignew _d1 _eecip _f20 _gy-gencatlg |
||
| 942 |
_2z _cB_BANK |
||
| 999 |
_c9590 _d9590 |
||